La vasconia global: ensayos sobre las diásporas vascas
Sparad:
| Huvudupphovsman: | |
|---|---|
| Materialtyp: | Bok |
| Språk: | spanska engelska katalanska |
| Publicerad: |
San Sebastián
Eusko Jaurlaritza
2003
|
| Serie: | Colección Urazandi Bilduma, 2
|
| Ämnen: | |
| Taggar: |
Lägg till en tagg
Inga taggar, Lägg till första taggen!
|
MARC
| LEADER | 00000nam a2200000 a 4500 | ||
|---|---|---|---|
| 001 | UCL5863 | ||
| 003 | CL-VaPUC | ||
| 008 | 040319e20030000sp |||||||||||||||||spa|d | ||
| 020 | |a 8445720007 | ||
| 041 | 0 | 7 | |a spa |2 CL-VaPUC |
| 041 | 0 | 7 | |a eng |2 CL-VaPUC |
| 041 | 0 | 7 | |a cat |2 CL-VaPUC |
| 082 | 0 | 4 | |a 303.482 |b DOU |2 21 |
| 100 | 0 | |a Douglass, William A |e author |9 483575 | |
| 245 | 1 | 3 | |a La vasconia global: ensayos sobre las diásporas vascas |
| 300 | |a 351 p | ||
| 942 | |c BK | ||
| 945 | |d 20040319 00:00:00 |a cmena | ||
| 260 | |a San Sebastián |b Eusko Jaurlaritza |c 2003 | ||
| 600 | 0 | 7 | |a COMUNIDAD VASCA |2 CL-VaPUC |9 483576 |
| 650 | 0 | |a Influencia social |9 309315 | |
| 650 | 0 | |a Emigración |9 343094 | |
| 650 | 0 | |a Cambio social |9 256857 | |
| 650 | 0 | |a Costumbres y tradiciones |9 268292 | |
| 650 | 0 | |a Desarrollo económico y social |9 256320 | |
| 650 | 0 | |a Artículos periodísticos |9 403045 | |
| 583 | |a last modification |c 20150507 04:09:40 |k Rodrigo Vera | ||
| 490 | 0 | |a Colección Urazandi Bilduma, 2 | |
| 999 | |c 308243 |d 308241 | ||
| 952 | |0 0 |1 0 |4 0 |6 303_482000000000000_DOU_2003 |7 0 |8 A |9 374587 |a BIBHIS |b BIBHIS |d 2019-11-21 |i 3987949 |o 303.482 DOU 2003 |p 3987949 |r 2025-01-20 |w 2019-11-21 |y BK |k HIS | ||